El Mapa geològic i topogràfic de la província de Barcelona: de l'escala 1: 100.000 a la 1: 40.000 (1884-1891) / Enric Aragonès i Valls de l'escala 1:
Descripción Física:
p. 129-174 : il. ; 24 cm
Otros Autores:
Museu de Geologia de Barcelona
MARC
| LEADER | 00000nam a2200000Ia 4500 | ||
|---|---|---|---|
| 001 | 12618 | ||
| 008 | 160829s1998 xx 000 0 cat d | ||
| 080 | |a FU-14-58 | ||
| 100 | |a Aragonés i Valls, Enric |9 23682 | ||
| 245 | |a El Mapa geològic i topogràfic de la província de Barcelona: |b de l'escala 1: |b 100.000 a la 1: |b 40.000 (1884-1891) / Enric Aragonès i Valls | ||
| 260 | |a Barcelona : |b Ajuntament de Barcelona, Museu de Geologia, |c 1998 | ||
| 300 | |a p. 129-174 : |b il. ; |c 24 cm | ||
| 590 | |a És una separata dels 'Treballs del Museu de Geologia de Barcelona', núm. 7 (1988) | ||
| 650 | |a Cartografia |x Barcelona (Província) |9 26737 | ||
| 650 | |a Geologia |x Barcelona (Província) |9 23685 | ||
| 700 | |a Museu de Geologia de Barcelona |9 23686 | ||
| 710 | 1 | |a Barcelona (Catalunya). |b Ajuntament |9 50981 | |
| 901 | |a Arxiu | ||
| 942 | |n 1 | ||
| 952 | |0 0 |1 0 |4 0 |6 FU1458 |7 1 |9 42808 |a Arxiu |b Arxiu |d 2016-12-01 |l 0 |o FU-14-58 |p 12618 |r 2016-12-01 00:00:00 |w 2016-12-01 |y ARXIU | ||
| 999 | |c 45314 |d 45314 | ||